• 首页
  • 本馆介绍
  • 公告通知
  • 最新文献
  • 馆藏检索
  • 电子资源
  • 读者导购
  • 参考咨询
  • 我的图书馆
  • 登录
  • 详细信息显示
  • 放入我的书架
  • 预约/预借图书
  • 作者相关作品
  • 分类相关作品
  • 丛书相关作品
  • 出版社相关作品

书目信息

  • 表格格式
  • 工作单格式
  • 卡片格式
题名:
缤纷的植物世界
    
 
作者: 谢天雨 主编
分册:  
出版信息: 北京   中国言实出版社  2004
页数: 279页
开本: 21cm
丛书名: 科学探索大博览
单 册:
中图分类: Q94-49
科图分类:
主题词: 植物学--普及读物 , 植物学
电子资源:
ISBN: 7-80128-561-1
000 00808oam2 2200265 45
001 012005200073
005 20070104091817.40
010    @a7-80128-561-1@dCNY432.00(全18册)
092    @aCN@b93429
100    @a20051212d2004 em y0chiy0110 ea
101 0  @achi
102    @aCN@b110000
105    @ay z 000yy
200 1  @a缤纷的植物世界@Abin fen de zhi wu shi jie@f谢天雨主编@Fxie tian yu zhu bian
210    @a北京@c中国言实出版社@d2004
215    @a279页@d21cm
225 2  @a科学探索大博览
330    @a本书包括:人类祖先的贡献、植物群落形成的奥秘、植物的组织、植物绿色加工厂等。
461  0 @12001 @a科学探索大博览
606 0  @a植物学@j普及读物
606 0  @a植物学
690    @aQ94-49@v4
701  0 @a谢天雨@Axie tian yu@4主编
801  0 @aCN@bLZJBOOK@c20070104
905    @a10447@dQ94-49@e149
    
    缤纷的植物世界/谢天雨主编.-北京:中国言实出版社,2004
    279页;21cm.-(科学探索大博览)
    
    
    ISBN 7-80128-561-1:CNY432.00(全18册)
    本书包括:人类祖先的贡献、植物群落形成的奥秘、植物的组织、植物绿色加工厂等。
●
相关链接 在E读中查询图书 在五车中查询图书 在当当中查询图书 在豆瓣中查询图书


正题名:缤纷的植物世界     索取号:Q94-49/149         预约/预借

序号 登录号 条形码 馆藏地/架位号 状态 备注
1 0560183   205601838   第二样本阅览室/ [索取号:Q94-49/149] 在馆    
2 0560184   205601847   第三借阅区/ [索取号:Q94-49/149] 在馆    
3 0560185   205601856   第三借阅区/ [索取号:Q94-49/149] 在馆    
4 0560186   205601865   第三借阅区/ [索取号:Q94-49/149] 在馆    
5 0560187   205601874   第三借阅区/ [索取号:Q94-49/149] 在馆    
6 0560188   205601883   第三借阅区/ [索取号:Q94-49/149] 在馆    
7 0560189   205601892   第三借阅区/ [索取号:Q94-49/149] 在馆    
8 0560190   205601909   第三借阅区/ [索取号:Q94-49/149] 在馆    
唐山师范学院图书馆 欢迎您!
大连网信软件有限公司© 版权所有